000 01412nam a2200313 i 4500
003 DO-SdBNP
005 20241015134935.0
007 ta
008 241014t1968 dr c 001 0 spa d
040 _aDO-SdBNP
_bspa
_cBNPHU
_erda
082 4 _a923.17293
_bT866, 1968
_222
100 1 _aEspaillat Rodríguez, Arturo R
_eautor
_4aut.
_944459
240 1 0 _aTrujillo : the last Caesar,
_lEspañol
245 1 0 _aTrujillo :
_bel último de los cesares /
_cArturo R. Espaillat Rodríguez ; traducción y notas, Pedro Andrés Pérez Cabral, Ramón Pina Acevedo y Martínez.
264 1 _a[Santo Domingo] :
_b[editor no identificado],
_c[1968].
300 _a190 páginas :
_bilustraciones, fotografías,
_c23 cm.
336 _atexto
_btxt
_2rdacontent
337 _asin mediación
_bn
_2rdamedia
338 _avolumen
_bnc
_2rdacarrier
500 _aIncluye notas de los traductores : páginas 181-190
590 _aInventariado, 2024/ YL
600 1 0 _aTrujillo Molina, Rafael Leónidas,
_d 1891-1961
_976764
650 7 _aPresidentes
_zRepública Dominicana
_vBiografías
_2LEMB
_91288
651 4 _aRepública Dominicana
_xPolítica y gobierno
_yEra de Trujillo, 1930-1961
_956722
700 1 _aPérez Cabral, Pedro Andrés,
_b1910-1981
_etraducción
_4trad.
_9429
700 1 _4trad.
_aPina Acevedo y Martínez, Ramón,
_etraducción
_936158
910 _aYlockward/Validado. Control de calidad MFF
942 _2ddc
_cLBS1
999 _c57847
_d57847